000 00683nam a22002177a 4500
003 UA-OsUOA
001 134137
007 ta
008 20181120b un ||||| |||| 00| 0 ukr d
100 _aШтанденко У.
090 _a81
_bШ87
942 _cSA
040 _aUA-OsUOA
_bukr
_cUA-OsUOA
_dUA-OsUOA
245 _aМовний аналіз гетьманських універсалів Івана Мазепи
300 _aС.91-101
955 _a0
041 _aukr
080 _a81
773 0 _w134131
_tУкраїнська мова
_dК.
_d2018
_g2
650 7 _a8 Мовознавство. Художня література. Літературознавство
_2UDC
999 _c423028
_d423028